Vzorkovanie a analytika pre ekológiu : Zborník prednášok zo seminára v Žiline 28.1.1997

Enregistré dans:
Détails bibliographiques
Format: Livre
Langue:slovaque
Publié: Prešov : BIJO VZ, s.r.o., 1999
Tags: Ajouter un tag
Pas de tags, Soyez le premier à ajouter un tag!

MARC

LEADER 00000nam a22000003a 4500
001 stu51951
005 20150408162248.8
008 000208s1999----xo------------------slo-d
040 |a STU  |b slo 
041 0 |a slo 
044 |a xo 
080 |a 502.5(061.3) 
245 |a Vzorkovanie a analytika pre ekológiu :  |b Zborník prednášok zo seminára v Žiline 28.1.1997 
260 |a Prešov :  |b BIJO VZ, s.r.o.,  |c 1999 
300 |a 71 s. Tab.,grafy 
500 |a V rámci cyklu " Aktuálne ekologické otázky E-97" 
996 |b CK598  |c C*K598  |l CCXXVI  |s P  |a 0  |w stu51951_0001